000 00698nam a2200289Ia 4500
005 20260324112152.0
008 008 260324s9999 xx 000 0 eng d
020 _a9781003227014
037 _aEBOOK
040 _aCRL
040 _beng
040 _cCRL
041 _2eng
041 _aeng
084 _qCRL
100 _aCzeslaw Tubilewicz
_91141566
245 0 _aCritical Issues in Contemporary China
245 0 _bDecoding Xi Jinping’s ‘New Era’
260 _bTaylor and Francis
260 _c2024
365 _a
365 _b220
856 _uhttp://www.taylorfrancis.com/books/9781003227014
942 _cEBOOK
999 _c1730690
_d1730690